1939 1379 1117 1008 1547 1606 1582 1162 1240 1415 1680 1588 1891 1790 1986 1895 1506 1438 1040 1255 1769 1169 1180 1125 1249 1880 1141 1763 1188 1213 1779 1096 1381 1909 1982 1009 1025 1101 1510 1626 1768 1688 1974 1941 1001 1334 1262 1065 1967 1064 1137 1697 1252 1367 1026 1521 1498 1703 1660 1633 1797 1442 1399 1702 1481 1312 1841 1780 1808 1856 1139 1628 1586 1109 1974 1907 1710 1830 1856 1473 1298 1955 1795 1231 1883 1437 1463 1660 1395 1294 1512 1138 1549 1330 1500 1742 1589 1937 1432 BCNSPRNW ULIB Ver.6.0+V

เปลี่ยนเป็นภาษาไทย

Change to English
 แสดงรายละเอียดบรรณานุกรม
  กลับหน้าหลัก

Brief Record : Get Marc (ISO 2709) : E-mail record : QR code < ปิดหน้าต่าง
LEADER : 00000nam 2200000uu 4500
001    13399112743
003     ULIB
008    110908s2547||||th 000 0 tha d
020    9749210808
050  4 LB1028.5^bว865บ 2547
100 0  วุฒิชัย ประสารสอย
245 10 บทเรียนคอมพิวเตอร์ช่วยสอน :^bนวัตกรรมเพื่อการศึกษา /^cวุฒิชัย ประสารสอย, บรรณาธิการ
250    พิมพ์ครั้งที่ 2 (ปรับปรุงครั้งที่ 1)
260    กรุงเทพฯ :^bภาควิชาพยาบาลศาสตร์คณะแพทยศาสตร์โรงพยาบาลรามาธิบดี มหาวิทยาลัยมหิดล,^c2547
300    [5], 320 หน้า :^bภาพประกอบ; ^c22 ซม.
650  0 Computer^xAssisted instruction
650  4 คอมพิวเตอร์ช่วยสอน
710 2  มหาวิทยาลัยมหิดล. ^bคณะแพทยศาสตร์โรงพยาบาลรามาธิบดี.^bภาควิชาพยาบาลศาสตร์.
945    ^p250^l0^i026714
995    ทศพร
999 ^a ทศพร
รายการนี้ยังไม่มีแท็ก
คุณยังไม่ได้ล็อกอิน คุณสามารถมีกิจกรรมร่วมกับเว็บไซต์ได้ แต่ต้องล็อกอินก่อน ::
  ล็อกอิน

รายการสื่อสารสนเทศ

ลำดับที่ ประเภท เลขเรียก/บาร์โค้ด สถานที่ สถานะ
- ไม่พบข้อมูล -

รายการใกล้เคียง
    หัวเรื่อง [คอมพิวเตอร์ช่วยสอน]

BibComment


ยังไม่เคยถูกคอมเมนท์

คอมเมนท์ทรัพยากรรายการนี้
  คอมเมนท์: บทเรียนคอมพิวเตอร..


 Copyright 2026. Bcnsprnw @Library